|
|
|
|
| LEADER |
00000naa2a2200000 4500 |
| 001 |
191028 |
| 005 |
20231101224324.0 |
| 035 |
|
|
|a (RuTPU)RU\TPU\book\208268
|
| 090 |
|
|
|a 191028
|
| 100 |
|
|
|a 20110201d2010 k y0rusy50 ca
|
| 101 |
0 |
|
|a rus
|
| 102 |
|
|
|a RU
|
| 200 |
1 |
|
|a Разработка WEB-приложения на основе онтологической модели данных с использованием ASP.NET MVC
|f А. А. Зарипов, И. А. Заикин
|g науч. рук. А. Ф. Тузовский
|
| 320 |
|
|
|a Библиогр.: 2 назв.
|
| 463 |
|
0 |
|0 (RuTPU)RU\TPU\book\199160
|y 978-5-98298-640-5
|t Технологии Microsoft в теории и практике программирования
|o сборник трудов VII Всероссийской научно-практической конференции студентов, аспирантов и молодых ученых, 23-24 марта 2010 г. г. Томск
|f Национальный исследовательский Томский политехнический университет (ТПУ); под ред. О. М. Гергета
|v С. 86-88
|d 2010
|p 240 с.
|
| 606 |
|
|
|a Платформа .NET
|2 stltpush
|3 (RuTPU)RU\TPU\subj\67723
|9 83415
|
| 610 |
1 |
|
|a приложения
|
| 610 |
1 |
|
|a разработка
|
| 610 |
1 |
|
|a онтологические модели
|
| 610 |
1 |
|
|a семантические метаданные
|
| 610 |
1 |
|
|a шаблоны
|
| 610 |
1 |
|
|a модели
|
| 610 |
1 |
|
|a контроллеры
|
| 610 |
1 |
|
|a труды учёных ТПУ
|
| 610 |
1 |
|
|a ASP.NET MVC
|
| 675 |
|
|
|a 004.4'2
|v 4
|
| 700 |
|
1 |
|a Зарипов
|b А. А.
|
| 701 |
|
1 |
|a Заикин
|b И. А.
|
| 702 |
|
1 |
|a Тузовский
|b А. Ф.
|4 727
|
| 801 |
|
1 |
|a RU
|b 63413507
|c 20110201
|
| 801 |
|
2 |
|a RU
|b 63413507
|c 20200604
|g RCR
|
| 942 |
|
|
|c BK
|